[Event "Autumn Cup"]
[Site "Box Hill"]
[Date "2002.02.08"]
[Round "1.36"]
[White "Vijayakumar, Rukman"]
[Black "Farrelly, Cathy"]
[Result "1/2-1/2"]
[WhiteElo "1234"]
[BlackElo "858"]
[Annotator "tw"]
[PlyCount "76"]
[EventDate "2002.02.08"]

1. e4 e6 2. d4 d6 3. Nf3 Be7 4. c4 b6 5. Nc3 Bb7 6. Bd3 Nd7 7. Be3 Ngf6 8. h3
e5 9. d5 Nc5 10. Bc2 c6 11. b4 Ncd7 12. Bd3 Rc8 13. Rc1 c5 14. b5 Nh5 15. g4
Nf4 16. Bxf4 exf4 17. Qd2 Ne5 18. Be2 Nxf3+ 19. Bxf3 g5 20. Rc2 Ra8 21. Qe2 Bf6
22. Qd2 Bc8 23. Ne2 a6 24. a4 Bd7 25. Bg2 axb5 26. axb5 O-O 27. Nc1 Qe7 28. f3
Be5 29. Nd3 Ra1+ 30. Rc1 Rxc1+ 31. Qxc1 Ra8 32. Nxe5 Qxe5 33. Qd2 Ra1+ 34. Ke2
Rxh1 35. Bxh1 Qa1 36. Bg2 Qg1 37. Bf1 Qh2+ 38. Kd1 Qg1 1/2-1/2

[Event "Autumn Cup"]
[Site "Box Hill"]
[Date "2002.02.08"]
[Round "1.37"]
[White "Yu, Derek"]
[Black "Chong, Trevor"]
[Result "0-1"]
[WhiteElo "850"]
[BlackElo "1220"]
[Annotator "tw"]
[PlyCount "30"]
[EventDate "2002.02.08"]

1. e4 e5 2. Nf3 Nc6 3. Bc4 Bc5 4. c3 Nf6 5. d4 exd4 6. cxd4 Bb4+ 7. Bd2 Nxe4 8.
Bxb4 Nxb4 9. Qb3 d5 10. Bb5+ Nc6 11. Ne5 Qd6 12. Nc3 O-O 13. Qxd5 Nxc3 14. Qxd6
cxd6 15. Nxc6 Nxb5 0-1

[Event "Autumn Cup"]
[Site "Box Hill"]
[Date "2002.02.08"]
[Round "1.39"]
[White "Lauder, Natasha"]
[Black "Muthusamy, Reubban"]
[Result "0-1"]
[WhiteElo "830"]
[BlackElo "1206"]
[Annotator "tw"]
[PlyCount "38"]
[EventDate "2002.02.08"]

1. e4 e5 2. Nf3 Nc6 3. Bc4 Be7 4. Nc3 d6 5. d3 Nf6 6. h3 O-O 7. Bg5 h6 8. Bh4
Be6 9. Bd5 Bxd5 10. Bxf6 Bxf6 11. Nxd5 g6 12. Qd2 Bg7 13. O-O-O Ne7 14. g4 Nxd5
15. exd5 f5 16. gxf5 Rxf5 17. Qe3 Qf6 18. Nd2 e4 19. Rh2 Qxb2# 0-1

[Event "Autumn Cup"]
[Site "Box Hill"]
[Date "2002.02.08"]
[Round "1.43"]
[White "Devoy, Sean"]
[Black "Schlossberg, Jonathan"]
[Result "0-1"]
[WhiteElo "749"]
[BlackElo "1145"]
[Annotator "sf"]
[PlyCount "22"]
[EventDate "2002.02.08"]

1. e4 e5 2. Nf3 Nf6 3. Bd3 Bc5 4. O-O d6 5. Bc4 Nc6 6. Ng5 Ng4 7. Nxf7 Qh4 8.
h3 Nxf2 9. Qf3 Nxh3+ 10. Kh1 Nf2+ 11. Kg1 Qh1# 0-1

[Event "Autumn Cup"]
[Site "Box Hill"]
[Date "2002.02.08"]
[Round "1.44"]
[White "Fielder, Shaun"]
[Black "Wong, Stephanie"]
[Result "1-0"]
[WhiteElo "1141"]
[BlackElo "728"]
[Annotator "sf"]
[PlyCount "91"]
[EventDate "2002.02.08"]

1. d4 d5 2. c4 e5 3. dxe5 Be6 4. cxd5 Qxd5 5. Qxd5 Bxd5 6. Nc3 Be6 7. Nb5 Na6
8. Nf3 f6 9. e4 fxe5 10. Be2 O-O-O 11. Nxa7+ Kb8 12. Be3 Nf6 13. Bxa6 bxa6 14.
Nc6+ Kc8 15. Nxd8 Kxd8 16. Ng5 Bg8 17. O-O h6 18. Nf3 Nxe4 19. Nxe5 Be7 20.
Rfd1+ Ke8 21. Ng6 Rh7 22. Nxe7 Kxe7 23. f3 Nf6 24. a3 g5 25. Rac1 Ne8 26. b4
Rg7 27. Bc5+ Kf7 28. Rd7+ Kg6 29. Rxg7+ Nxg7 30. Ba7 Ne8 31. Rc6+ Kh7 32. Rxa6
Bd5 33. Ra5 Bb7 34. Bd4 Bc6 35. Be5 Bd7 36. Ra7 Kg8 37. Bxc7 Nxc7 38. Rxc7 Be6
39. Kf2 h5 40. a4 Kf8 41. a5 Bd5 42. b5 Bb3 43. b6 Bd5 44. a6 Ke8 45. b7 Kd8
46. b8=Q# 1-0

[Event "Autumn Cup"]
[Site "Box Hill"]
[Date "2002.02.08"]
[Round "1.45"]
[White "Thakur, Udit"]
[Black "Carey, Jamie"]
[Result "0-1"]
[WhiteElo "702"]
[BlackElo "1126"]
[Annotator "sf"]
[PlyCount "66"]
[EventDate "2002.02.08"]

1. d4 Nf6 2. c4 g6 3. Nc3 Bg7 4. e4 d6 5. Nf3 O-O 6. Be2 c5 7. d5 Qa5 8. Bf4
Nxe4 9. Qc1 Nxc3 10. Bd2 Nxe2 11. Kxe2 Qb6 12. Bc3 f6 13. b3 Bg4 14. h4 Bxf3+
15. gxf3 Nd7 16. f4 f5 17. Bxg7 Kxg7 18. h5 Rg8 19. hxg6 hxg6 20. Qc3+ Nf6 21.
Qh3 Rh8 22. Qg3 Rxh1 23. Rxh1 Rh8 24. Rg1 Ng4 25. Qc3+ Kg8 26. f3 Rh2+ 27. Ke1
Rh3 28. Ke2 Kf7 29. Qd2 Rh2+ 30. Ke1 Rxd2 31. Kxd2 Qa5+ 32. Ke2 Qxa2+ 33. Kf1
Qf2# 0-1

[Event "Autumn Cup"]
[Site "Box Hill"]
[Date "2002.02.08"]
[Round "1.46"]
[White "Sellayah, Renishka"]
[Black "Tham, Christopher"]
[Result "1-0"]
[WhiteElo "1126"]
[BlackElo "686"]
[Annotator "sf"]
[PlyCount "47"]
[EventDate "2002.02.08"]

1. d4 d5 2. Nf3 Nc6 3. Bf4 Nf6 4. h3 Bf5 5. e3 e6 6. Bd3 Ne4 7. Nbd2 Nxd2 8.
Qxd2 Bxd3 9. Qxd3 Nb4 10. Qe2 Nxc2+ 11. Qxc2 Bb4+ 12. Nd2 Rc8 13. Qa4+ c6 14.
Qxb4 c5 15. dxc5 b6 16. Qb5+ Kf8 17. Bd6+ Kg8 18. Rc1 Qf6 19. c6 e5 20. Qxd5 g6
21. c7 Kg7 22. Bxe5 Rhd8 23. Bxf6+ Kxf6 24. Qd4+ 1-0

[Event "Autumn Cup"]
[Site "Box Hill"]
[Date "2002.02.08"]
[Round "1.47"]
[White "Gray, Alan"]
[Black "Hickman, Casey"]
[Result "0-1"]
[WhiteElo "675"]
[BlackElo "1118"]
[Annotator "sf"]
[PlyCount "52"]
[EventDate "2002.02.08"]

1. e4 d5 2. exd5 Nf6 3. Bc4 Nxd5 4. c3 Nc6 5. d4 Bf5 6. Qh5 g6 7. Qe2 Qd6 8.
Nf3 Bg7 9. Bg5 e5 10. Nbd2 O-O 11. O-O exd4 12. cxd4 Nxd4 13. Qd1 c6 14. Nh4 h6
15. Nxf5 Nxf5 16. Bxh6 Nxh6 17. Rb1 Rad8 18. Nb3 b6 19. Qf3 Rd7 20. Rfe1 Re7
21. Be2 Rfe8 22. Nd4 Bxd4 23. b3 Nf4 24. Kf1 Nxe2 25. Rbd1 Qxh2 26. g3 Qg1# 0-1

[Event "Autumn Cup"]
[Site "Box Hill"]
[Date "2002.02.08"]
[Round "1.49"]
[White "Leong, Melford"]
[Black "Van Dijk, Devrim"]
[Result "0-1"]
[WhiteElo "635"]
[BlackElo "1109"]
[Annotator "sf"]
[PlyCount "96"]
[EventDate "2002.02.08"]

1. e4 e5 2. Nf3 Nc6 3. Nc3 Nf6 4. g3 Bc5 5. Bg2 d5 6. d3 dxe4 7. Nxe4 Nxe4 8.
dxe4 Qxd1+ 9. Kxd1 Bxf2 10. Rf1 Bc5 11. Ke2 Bg4 12. Rd1 Nd4+ 13. Kf1 Nxf3 14.
Bxf3 Bxf3 15. Rd3 Bxe4 16. Rc3 b6 17. Bg5 f6 18. Be3 Bxe3 19. Rxe3 Bg6 20. Rc1
O-O-O 21. h4 h6 22. c4 Bf7 23. c5 Bxa2 24. c6 Bd5 25. Ra3 a5 26. b4 Kb8 27.
bxa5 Ka7 28. axb6+ Kxb6 29. Rac3 Ka5 30. Rb1 Ka4 31. Rc2 Rb8 32. Ra1+ Kb3 33.
Rca2 Bxc6 34. Ra3+ Kb4 35. R3a2 Be4 36. Rb2+ Kc3 37. Rba2 Rb1+ 38. Rxb1 Bxb1
39. Ra3+ Kd2 40. Rf3 Bd3+ 41. Kf2 e4 42. Rf4 e3+ 43. Kf3 e2 44. Ra4 e1=Q 45.
Ra2+ Bc2 46. Ra3 Qe2+ 47. Kf4 g5+ 48. hxg5 hxg5# 0-1

[Event "Autumn Cup"]
[Site "Box Hill"]
[Date "2002.02.08"]
[Round "1.52"]
[White "Loo, Jonathan"]
[Black "Leung, James"]
[Result "1-0"]
[WhiteElo "1036"]
[BlackElo "533"]
[Annotator "sf"]
[PlyCount "85"]
[EventDate "2002.02.08"]

1. d4 f5 2. Nf3 d5 3. Bf4 Nc6 4. e3 e6 5. Bb5 Bd7 6. Bxc6 Bxc6 7. Ne5 Qe7 8.
Qh5+ g6 9. Nxg6 Nf6 10. Nxe7+ Nxh5 11. Nxc6 bxc6 12. Bxc7 c5 13. Be5 Rg8 14.
O-O cxd4 15. Bxd4 Rc8 16. Nc3 Bd6 17. Nb5 Be7 18. Nxa7 Rxc2 19. Rac1 Rd2 20.
Rc8+ Kf7 21. Rxg8 Kxg8 22. Nc6 Bf6 23. b4 Rc2 24. b5 Rc4 25. Ra1 f4 26. Bxf6
Nxf6 27. exf4 Rxf4 28. a4 Nd7 29. a5 Rc4 30. a6 Nb6 31. a7 Kf7 32. Ne5+ Kg7 33.
Nxc4 Nxc4 34. Rc1 Kf6 35. Rxc4 dxc4 36. a8=Q e5 37. Qc6+ Kf5 38. Qxc4 h5 39. b6
e4 40. b7 Kf4 41. b8=Q+ Kg4 42. Qcg8+ Kh4 43. Qf4# 1-0

[Event "Autumn Cup"]
[Site "Box Hill"]
[Date "2002.02.12"]
[Round "1.53"]
[White "Chmiel, Rad"]
[Black "Palit, Vikram"]
[Result "1/2-1/2"]
[WhiteElo "1598"]
[BlackElo "1489"]
[Annotator "jp"]
[PlyCount "78"]
[EventDate "2002.02.08"]

1. d4 d5 2. Nf3 Nf6 3. g3 Nc6 4. Bg2 Bf5 5. c4 e6 6. O-O Be7 7. Nc3 O-O 8. Ne5
Rb8 9. Nxc6 bxc6 10. c5 Nd7 11. e4 Bg6 12. Qa4 dxe4 13. Qxc6 Nf6 14. Qa4 a5 15.
a3 Qd7 16. Qxd7 Nxd7 17. Bxe4 Bxe4 18. Nxe4 Nf6 19. Nc3 Rfd8 20. Rd1 Nd5 21.
Ne2 Bf6 22. Rb1 Ne7 23. Bf4 Nd5 24. Be5 Bxe5 25. dxe5 Rb5 26. b4 axb4 27. axb4
Rdb8 28. Nf4 Nxf4 29. gxf4 Kf8 30. Rd4 Rxc5 31. Kg2 Ke7 32. bxc5 $11 Rxb1 33.
c6 Rc1 34. Rd7+ Ke8 35. Rxc7 Rc3 36. h4 h5 37. f3 g6 38. Rc8+ Ke7 39. Kg3 Rc2
$11 1/2-1/2

[Event "Autumn Cup"]
[Site "Box Hill"]
[Date "2002.02.19"]
[Round "1.56"]
[White "Eer, Derek"]
[Black "O'Connor, Andrew"]
[Result "1-0"]
[WhiteElo "816"]
[BlackElo "667"]
[Annotator "jp"]
[PlyCount "105"]
[EventDate "2002.02.08"]

1. e4 e5 2. d4 exd4 3. c3 Nf6 4. cxd4 Nxe4 5. Bd3 d5 6. Be3 Bb4+ 7. Nd2 Qe7 8.
Ne2 Bg4 9. f3 Nxd2 10. Bxd2 Bxd2+ 11. Qxd2 Be6 12. O-O Nc6 13. Bb5 O-O 14. Nf4
Qg5 15. Rad1 Bf5 16. Rfe1 Rae8 17. Bxc6 bxc6 18. g4 Rxe1+ 19. Rxe1 Be6 20. Rd1
f5 21. Nxe6 Qxd2 22. Rxd2 Rf6 23. Nxc7 fxg4 24. fxg4 Rg6 25. h3 Rh6 26. Kg2 Rf6
27. Rf2 Rd6 28. b4 Rd7 29. Ne6 h6 30. a4 a6 31. h4 Rb7 32. g5 hxg5 33. hxg5
Rxb4 34. g6 Rb8 35. Rf7 Rb2+ 36. Kf3 Rb3+ 37. Kf4 Rb8 38. Rxg7+ Kh8 39. Kf5
Rf8+ 40. Ke5 Re8 41. Kf6 Rxe6+ 42. Kf7 Re7+ 43. Kxe7 Kxg7 44. Kd6 Kxg6 45. Kxc6
Kf5 46. Kxd5 a5 47. Kd6 Kf6 48. d5 Kf7 49. Kd7 Kf6 50. d6 Kf7 51. Kd8 Ke6 52.
d7 Kd6 53. Kc8 1-0

[Event "Autumn Cup"]
[Site "Box Hill"]
[Date "2002.02.15"]
[Round "2.1"]
[White "Gluzman, Michael"]
[Black "Waller, A (Tony)"]
[Result "1-0"]
[WhiteElo "2363"]
[BlackElo "1755"]
[Annotator "jp"]
[PlyCount "63"]
[EventDate "2002.02.08"]

1. e4 c5 2. Nf3 Nc6 3. d4 cxd4 4. Nxd4 Nf6 5. Nc3 d6 6. Be2 e5 7. Nf3 h6 8. O-O
Be7 9. Re1 O-O 10. h3 Be6 11. Bf1 a6 12. a4 Qc7 13. Nd5 Bxd5 14. exd5 Nb4 15.
c4 a5 16. Bd2 Qc5 17. Nh4 Rfe8 18. Nf5 Bf8 19. Ra3 Kh7 20. Rf3 e4 21. Rf4 g5
22. Bc3 gxf4 23. Bxf6 f3 24. gxf3 Nd3 25. Bd4 Qc8 26. Rxe4 Ne5 27. Bxe5 Rxe5
28. Bd3 Kh8 29. Rxe5 dxe5 30. Qe2 Qe8 31. Qe4 f6 32. Ng7 1-0

[Event "Autumn Cup"]
[Site "Box Hill"]
[Date "2002.02.15"]
[Round "2.2"]
[White "Kempen, Leon"]
[Black "Jukic, Davor"]
[Result "1-0"]
[WhiteElo "2008"]
[BlackElo "1725"]
[Annotator "jp"]
[PlyCount "71"]
[EventDate "2002.02.08"]

1. e4 d5 2. exd5 Qxd5 3. Nc3 Qa5 4. d4 Nf6 5. Bd3 c6 6. h3 Bf5 7. Nf3 e6 8. O-O
Bd6 9. Re1 Nbd7 10. Bf1 h6 11. Nd2 O-O 12. Nc4 Qc7 13. Nxd6 Qxd6 14. g3 Nd5 15.
Ne4 Qe7 16. c4 N5f6 17. Nc3 Nb6 18. Qf3 Rfd8 19. Qxf5 Rxd4 20. Qa5 Nxc4 21.
Bxc4 Rxc4 22. Be3 b6 23. Bxb6 Qb7 24. Be3 Qxb2 25. Rac1 Nd5 26. Nxd5 cxd5 27.
Rxc4 dxc4 28. Rc1 Rb8 29. Qxa7 Rd8 30. Rxc4 Rd1+ 31. Kg2 Qe2 32. Rc8+ Kh7 33.
Qxf7 Qf1+ 34. Kf3 Qxh3 35. Rc7 Qh1+ 36. Kf4 1-0

[Event "Autumn Cup"]
[Site "Box Hill"]
[Date "2002.02.15"]
[Round "2.3"]
[White "Kildisas, Victor E"]
[Black "Lojanica, Milenko"]
[Result "1/2-1/2"]
[WhiteElo "1803"]
[BlackElo "1985"]
[Annotator "jp"]
[PlyCount "93"]
[EventDate "2002.02.08"]

1. d4 Nf6 2. c4 c5 3. d5 e6 4. Nc3 exd5 5. cxd5 d6 6. e4 a6 7. a4 g6 8. Nf3 Bg7
9. h3 O-O 10. Be2 Re8 11. Qc2 Qe7 12. Nd2 Bh6 13. Nc4 Bxc1 14. Rxc1 Nbd7 15. a5
Rb8 16. O-O b5 17. axb6 Nxb6 18. Nxb6 Rxb6 19. Bf3 Bd7 20. Rfe1 Reb8 21. Rb1
Qe5 22. Qd2 Rb4 23. Re3 Bb5 24. Ra1 Nd7 25. Nd1 Nb6 26. Qc3 Rd4 27. b3 Rc8 28.
Nb2 h5 29. Rae1 Rb8 30. Bd1 Nd7 31. Bc2 Qg5 32. Bd3 Ne5 33. Bc4 Bxc4 34. Nxc4
Nxc4 35. bxc4 Rb4 36. Qa1 Rbxc4 37. Qxa6 Qe5 38. Qc8+ Kg7 39. Qd7 Rxe4 40. Rxe4
Rxe4 41. Rxe4 Qxe4 42. Qxd6 Qe1+ 43. Kh2 Qxf2 44. Qc6 Qf4+ 45. Kh1 Qf1+ 46. Kh2
Qf4+ 47. Kh1 1/2-1/2

[Event "Autumn Cup"]
[Site "Box Hill"]
[Date "2002.02.15"]
[Round "2.4"]
[White "Le, Tuan N"]
[Black "Wen, Phillip"]
[Result "0-1"]
[WhiteElo "1954"]
[BlackElo "1699"]
[Annotator "jp"]
[PlyCount "90"]
[EventDate "2002.02.08"]

1. d4 Nf6 2. c4 e6 3. g3 d5 4. Bg2 c5 5. Nf3 Nc6 6. cxd5 exd5 7. O-O h6 8. Nc3
Be7 9. Be3 b6 10. Ne5 Nxd4 11. Bxd4 cxd4 12. Qa4+ Bd7 13. Nxd7 Qxd7 14. Qxd4
Bc5 15. Qd3 Rd8 16. Rad1 d4 17. Nb1 O-O 18. Nd2 Nd5 19. Nb3 Nb4 20. Qc4 Qe6 21.
Qxe6 fxe6 22. a3 Na6 23. Bb7 Nb8 24. Rc1 Rf7 25. Be4 Nd7 26. Rfd1 e5 27. Bd5
Be7 28. Rc7 a5 29. Bxf7+ Kxf7 30. e3 Nc5 31. Nxc5 bxc5 32. exd4 cxd4 33. Kf1
Ke6 34. Ke2 e4 35. f3 e3 36. Kd3 Bf6 37. Rdc1 Rb8 38. R7c6+ Kf7 39. b4 axb4 40.
Rb1 b3 41. a4 b2 42. Rxf6+ Kxf6 43. Kxd4 e2 44. Kc3 e1=Q+ 45. Rxe1 b1=Q 0-1

[Event "Autumn Cup"]
[Site "Box Hill"]
[Date "2002.02.15"]
[Round "2.5"]
[White "Lycett, Garry"]
[Black "Bourmistrov, Denis"]
[Result "0-1"]
[WhiteElo "1711"]
[BlackElo "1922"]
[Annotator "jp"]
[PlyCount "62"]
[EventDate "2002.02.08"]

1. d4 d6 2. e4 Nf6 3. Bd3 e5 4. d5 c6 5. c4 Nbd7 6. Ne2 Nc5 7. Ng3 g6 8. O-O
Nxd3 9. Qxd3 c5 10. Bg5 Bg7 11. Nc3 h6 12. Be3 O-O 13. f3 Ne8 14. Qd2 Kh7 15.
Kh1 a6 16. a4 f5 17. exf5 gxf5 18. Bg1 a5 19. Rae1 b6 20. Nh5 Ra7 21. f4 e4 22.
Nxg7 Rxg7 23. Re3 Rfg8 24. Rf2 Nf6 25. Rh3 Bd7 26. Re2 Be8 27. Qe1 Bh5 28. Rxh5
Nxh5 29. Be3 Rg4 30. Rf2 Qh4 31. Kg1 Rxg2+ 0-1

[Event "Autumn Cup"]
[Site "Box Hill"]
[Date "2002.02.15"]
[Round "2.7"]
[White "Jenkins, Keith"]
[Black "Raine, Marcus"]
[Result "0-1"]
[WhiteElo "1670"]
[BlackElo "1912"]
[Annotator "jp"]
[PlyCount "48"]
[EventDate "2002.02.08"]

1. d4 Nf6 2. c4 e6 3. Nc3 Bb4 4. Nf3 c5 5. e3 b6 6. Bd3 Bb7 7. O-O O-O 8. dxc5
bxc5 9. Qc2 Bxf3 10. gxf3 Nc6 11. Ne4 Ne5 12. Nxf6+ Qxf6 13. Bxh7+ Kh8 14. Be4
d5 15. cxd5 exd5 16. Bxd5 Rad8 17. e4 Nxf3+ 18. Kg2 Nh4+ 19. Kh3 Qf3+ 20. Kxh4
f6 21. Rg1 g5+ 22. Bxg5 fxg5+ 23. Kxg5 Rg8+ 24. Kh4 Qf4+ 0-1

[Event "Autumn Cup"]
[Site "Box Hill"]
[Date "2002.02.15"]
[Round "2.8"]
[White "Dutka, Janusz"]
[Black "Lacey, David"]
[Result "1-0"]
[WhiteElo "1904"]
[BlackElo "1559"]
[Annotator "jd"]
[PlyCount "95"]
[EventDate "2002.02.08"]

1. e4 e5 2. Nf3 Nc6 3. Bb5 Nf6 4. d3 Bc5 5. O-O d6 6. c3 O-O 7. h3 h6 8. Re1
Re8 9. Nbd2 Bd7 10. Nf1 a6 11. Ba4 b5 12. Bc2 d5 13. Ng3 dxe4 14. dxe4 Be6 15.
Nd2 Ne7 16. Nf5 Nxf5 17. exf5 Bd5 18. Nb3 Bb6 19. Be3 Bxe3 20. Rxe3 Qe7 21. f4
e4 22. Qd4 Qd7 23. g4 Qd6 24. Rf1 Rad8 25. a3 Bxb3 26. Qxd6 Rxd6 27. Bxb3 Rd2
28. Rf2 Red8 29. Ree2 Rxe2 30. Rxe2 c5 31. Bc2 Re8 32. Kf2 Nd5 33. Kg3 e3 34.
Kf3 a5 35. Be4 Rd8 36. Bxd5 Rxd5 37. Kxe3 f6 38. b4 axb4 39. axb4 c4 40. Ke4
Rd7 41. Kf3 Kf7 42. Re3 Re7 43. Re6 Rxe6 44. fxe6+ Kxe6 45. Ke4 g6 46. h4 f5+
47. gxf5+ gxf5+ 48. Kd4 1-0

[Event "Autumn Cup"]
[Site "Box Hill"]
[Date "2002.02.15"]
[Round "2.9"]
[White "Wilson, Norm"]
[Black "Nemeth, Janos"]
[Result "0-1"]
[WhiteElo "1636"]
[BlackElo "1873"]
[Annotator "jp"]
[PlyCount "74"]
[EventDate "2002.02.08"]

1. c4 Nf6 2. Nc3 g6 3. g3 Bg7 4. Bg2 O-O 5. Nf3 c6 6. O-O d5 7. cxd5 cxd5 8. d4
b6 9. b3 Ba6 10. Re1 Ne4 11. Bb2 Nc6 12. Ne5 Nxc3 13. Bxc3 Rc8 14. Nxc6 Rxc6
15. Rc1 Qd6 16. Qd2 Rfc8 17. Bb2 Qe6 18. e3 h5 19. Rxc6 Rxc6 20. Rc1 h4 21.
Rxc6 Qxc6 22. Qc1 Qe6 23. Qc2 h3 24. Bf3 Bh6 25. Bc1 Qd7 26. Qd1 f5 27. Be2
Bxe2 28. Qxe2 g5 29. f4 Qc8 30. Qd2 Qe6 31. Qf2 Qe4 32. Bd2 g4 33. Bc1 Bf8 34.
Bd2 e6 35. Be1 Qb1 36. Qd2 a5 37. Qc3 Qxa2 0-1

[Event "Autumn Cup"]
[Site "Box Hill"]
[Date "2002.02.15"]
[Round "2.11"]
[White "Nincevic, Anton"]
[Black "Meydan, Arie"]
[Result "0-1"]
[WhiteElo "1404"]
[BlackElo "1804"]
[Annotator "jp"]
[PlyCount "64"]
[EventDate "2002.02.08"]

1. e4 e6 2. Nf3 d5 3. Bd3 c5 4. exd5 exd5 5. O-O Nf6 6. Re1+ Be7 7. Bb5+ Bd7 8.
Bxd7+ Qxd7 9. Ne5 Qc7 10. c3 O-O 11. d3 Bd6 12. Nf3 Nbd7 13. g3 Rfe8 14. Na3 a6
15. Nc2 h6 16. Ne3 Ne5 17. Nxe5 Rxe5 18. Ng2 Rxe1+ 19. Nxe1 Re8 20. Ng2 Qd7 21.
Qf3 Qh3 22. Ne3 d4 23. Qg2 Qh5 24. cxd4 cxd4 25. Nf1 Re1 26. f3 Nd5 27. Qf2 Re7
28. Bd2 Qf5 29. Qxd4 Qxf3 30. Re1 Rxe1 31. Bxe1 Bc7 32. Qe4 Bb6+ 0-1

[Event "Autumn Cup"]
[Site "Box Hill"]
[Date "2002.02.15"]
[Round "2.12"]
[White "Palit, Vikram"]
[Black "Faber, Karl-Heinz"]
[Result "0-1"]
[WhiteElo "1489"]
[BlackElo "1828"]
[Annotator "jp"]
[PlyCount "44"]
[EventDate "2002.02.08"]

1. d4 d5 2. c4 c6 3. Nc3 Nf6 4. cxd5 cxd5 5. Bg5 Nbd7 6. e3 e6 7. Bd3 Bb4 8.
Nf3 Qa5 9. Qb3 Ne4 10. Bxe4 dxe4 11. Nd2 Bxc3 12. bxc3 Qxg5 13. O-O Qg6 14. f3
exf3 15. Rxf3 O-O 16. Rg3 Qd3 17. Nc4 Nf6 18. Ne5 Qe2 19. Rf3 Ne4 20. Kh1 b6
21. Qa4 Bb7 22. Raf1 Nxc3 0-1

[Event "Autumn Cup"]
[Site "Box Hill"]
[Date "2002.02.15"]
[Round "2.13"]
[White "Fell, Rowan"]
[Black "Lojanica, Zdravko"]
[Result "0-1"]
[WhiteElo "1421"]
[BlackElo "1817"]
[Annotator "jp"]
[PlyCount "72"]
[EventDate "2002.02.08"]

1. d4 d6 2. e4 c6 3. c4 g6 4. Nc3 Bg7 5. Be3 Nf6 6. Nf3 O-O 7. h3 a6 8. Bd3 b5
9. O-O Bb7 10. Qd2 Re8 11. c5 dxc5 12. dxc5 Qc7 13. e5 Nd5 14. Nxd5 cxd5 15.
Rac1 Nc6 16. Bf4 Qa5 17. Qxa5 Nxa5 18. Rfe1 Rac8 19. b3 e6 20. Bg5 Nc6 21. Bf6
Bxf6 22. exf6 e5 23. Bb1 Re6 24. Rcd1 Rd8 25. g4 e4 26. Nd4 Nxd4 27. Rxd4 Rde8
28. g5 Re5 29. h4 h6 30. f4 exf3 31. Rxe5 Rxe5 32. h5 gxh5 33. Kf2 hxg5 34.
Kxf3 Re6 35. Kg3 Rxf6 36. Rd1 Kg7 0-1

[Event "Autumn Cup"]
[Site "Box Hill"]
[Date "2002.02.15"]
[Round "2.15"]
[White "Sharman, Scot A"]
[Black "Parker, Derek"]
[Result "1-0"]
[WhiteElo "1682"]
[BlackElo "1570"]
[Annotator "jd"]
[PlyCount "71"]
[EventDate "2002.02.08"]

1. d4 Nf6 2. c4 g6 3. Nc3 Bg7 4. e4 d6 5. Bd3 Nc6 6. Nge2 O-O 7. O-O Ne8 8. Bc2
b6 9. a4 Bb7 10. Be3 Nb4 11. Bb1 c5 12. d5 e5 13. f4 Ba6 14. Qb3 Qh4 15. Ra3
Bc8 16. Bf2 Qg4 17. h3 Qh5 18. Ng3 Qh6 19. f5 gxf5 20. exf5 Bf6 21. Nce4 Kh8
22. Qf3 Ba6 23. Rc3 Bh4 24. Be3 Qg7 25. Nh5 Qg8 26. Bh6 Nxd5 27. cxd5 Bxf1 28.
Kxf1 f6 29. Bxf8 Qxf8 30. Qg4 Bg5 31. Nxg5 fxg5 32. Qxg5 Nc7 33. Be4 Re8 34.
Rg3 Re7 35. Kg1 Rf7 36. f6 1-0

[Event "Autumn Cup"]
[Site "Box Hill"]
[Date "2002.02.15"]
[Round "2.16"]
[White "Umber, George"]
[Black "Turner, Adrian E"]
[Result "1/2-1/2"]
[WhiteElo "1551"]
[BlackElo "1660"]
[Annotator "tc"]
[PlyCount "26"]
[EventDate "2002.02.08"]

1. d4 d5 2. c4 c6 3. cxd5 cxd5 4. Nf3 Nf6 5. Bf4 Nc6 6. Nc3 Bf5 7. e3 e6 8. Bb5
Nd7 9. a3 Be7 10. Rc1 O-O 11. O-O Rc8 12. Bd3 Bg6 13. Bg3 a6 1/2-1/2

[Event "Autumn Cup"]
[Site "Box Hill"]
[Date "2002.02.15"]
[Round "2.17"]
[White "Lee, Michelle"]
[Black "Kloprogge, Ion"]
[Result "1-0"]
[WhiteElo "1646"]
[BlackElo "1457"]
[Annotator "tc"]
[PlyCount "57"]
[EventDate "2002.02.08"]

1. e4 e5 2. Nf3 Nc6 3. Bc4 h6 4. d4 exd4 5. Nxd4 Ne5 6. Bb3 c5 7. Nf3 Nxf3+ 8.
Qxf3 Qf6 9. Nd2 Qxf3 10. Nxf3 f6 11. O-O d6 12. Bf4 g5 13. Bg3 Rh7 14. Bxg8 Rg7
15. Bb3 b5 16. Bd5 Rb8 17. Bc6+ Kf7 18. Rad1 Rb6 19. Bd5+ Kg6 20. h4 g4 21. Nh2
Re7 22. f3 h5 23. fxg4 hxg4 24. h5+ Kxh5 25. Rxf6 Bh6 26. Bf7+ Kg5 27. Rg6+ Kh5
28. Rd5+ Re5 29. Rg8# 1-0

[Event "Autumn Cup"]
[Site "Box Hill"]
[Date "2002.02.15"]
[Round "2.18"]
[White "Voon, Richard"]
[Black "Simpson, Bruce"]
[Result "1/2-1/2"]
[WhiteElo "1842"]
[BlackElo "1421"]
[Annotator "jd"]
[PlyCount "109"]
[EventDate "2002.02.08"]

1. Nf3 Nf6 2. c4 c5 3. Nc3 g6 4. g3 Bg7 5. Bg2 O-O 6. d4 cxd4 7. Nxd4 Nc6 8.
O-O Nxd4 9. Qxd4 e6 10. Qd3 a6 11. Bf4 Nh5 12. Bd6 Re8 13. c5 Bf8 14. Bxf8 Rxf8
15. Ne4 Nf6 16. Nd6 Qc7 17. b4 Ne8 18. Nc4 Rb8 19. a4 Ng7 20. Rac1 Rd8 21. Rfd1
Nf5 22. e4 Ng7 23. Nd6 Ne8 24. e5 b6 25. h3 Qa7 26. Qd4 bxc5 27. Rxc5 Nxd6 28.
Qxd6 Qb6 29. Rc4 Qxd6 30. Rxd6 Kg7 31. f4 f6 32. g4 fxe5 33. fxe5 Rf8 34. Rcd4
Rf7 35. Be4 Rf4 36. Kg2 g5 37. Kg3 h6 38. h4 Kf8 39. Rc4 Ke7 40. Rdd4 Rf1 41.
h5 Ra1 42. a5 Ra3+ 43. Kf2 Ra2+ 44. Ke3 Rb2 45. Kd3 Rb3+ 46. Kc2 Rg3 47. Bd3
Re3 48. Rc5 Re1 49. Kd2 Rg1 50. Rc7 Kd8 51. Ra7 Rg2+ 52. Be2 Rb5 53. Kd1 Rg1+
54. Kd2 Rg2 55. Kd1 1/2-1/2

[Event "Autumn Cup"]
[Site "Box Hill"]
[Date "2002.02.15"]
[Round "2.19"]
[White "Stojic, Svetozar"]
[Black "Saw, Geoffrey"]
[Result "0-1"]
[WhiteElo "1575"]
[BlackElo "2179"]
[Annotator "jd"]
[PlyCount "40"]
[EventDate "2002.02.08"]

1. e4 d5 2. exd5 Nf6 3. Bb5+ Bd7 4. Bxd7+ Qxd7 5. c4 c6 6. dxc6 Nxc6 7. Nc3 e5
8. Nf3 e4 9. Qe2 O-O-O 10. Ng5 Nd4 11. Qd1 Qf5 12. Nh3 Nf3+ 13. gxf3 exf3 14.
d4 Qxh3 15. Qc2 Bc5 16. Nb5 Qg2 17. Nc7 Qxh1+ 18. Kd2 Rhe8 19. Kc3 Qe1+ 20. Bd2
Ne4+ 0-1

[Event "Autumn Cup"]
[Site "Box Hill"]
[Date "2002.02.15"]
[Round "2.20"]
[White "Flude, David A"]
[Black "Kable, John R"]
[Result "0-1"]
[WhiteElo "1749"]
[BlackElo "1548"]
[Annotator "jd"]
[PlyCount "104"]
[EventDate "2002.02.08"]

1. d4 Nf6 2. Nc3 c6 3. e4 d5 4. e5 Ne4 5. Nxe4 dxe4 6. Bc4 Na6 7. f3 e6 8. c3
Nc7 9. Qe2 b5 10. Bb3 Ba6 11. Be3 Nd5 12. Nh3 Nxe3 13. Qxe3 Qh4+ 14. Nf2 exf3
15. Qxf3 Bb7 16. O-O Be7 17. Ne4 O-O 18. Qe3 c5 19. Bc2 cxd4 20. cxd4 Rac8 21.
Bd3 Rfd8 22. Rf3 Bxe4 23. Rh3 Qg5 24. Qxe4 Rc1+ 25. Rxc1 Qxc1+ 26. Bf1 h6 27.
Rf3 Rxd4 28. Qb7 Qc5 29. Qxb5 Rd2+ 30. Qxc5 Bxc5+ 31. Kh1 Rxb2 32. h3 Rxa2 33.
Kh2 Bd4 34. Rd3 Bxe5+ 35. Kg1 g6 36. Rd8+ Kg7 37. Rd7 Bg3 38. Rd3 Bf2+ 39. Kh2
a5 40. Rd7 Kf6 41. Bc4 Ra4 42. Be2 h5 43. Rd3 Bc5 44. Rf3+ Ke7 45. Rb3 Bd6+ 46.
Kg1 Rb4 47. Rd3 a4 48. Bd1 Rb1 49. Kf2 a3 50. Bb3 a2 51. Bxa2 Rb2+ 52. Rd2
Rxd2+ 0-1

[Event "Autumn Cup"]
[Site "Box Hill"]
[Date "2002.02.15"]
[Round "2.21"]
[White "Miller, Anthony"]
[Black "Lawson, Shane"]
[Result "1-0"]
[WhiteElo "1517"]
[BlackElo "1636"]
[Annotator "sf"]
[PlyCount "63"]
[EventDate "2002.02.08"]

1. e4 c5 2. Nf3 Nc6 3. d4 cxd4 4. Nxd4 g6 5. Be3 Bg7 6. f4 d6 7. c3 Nf6 8. Nxc6
bxc6 9. Nd2 O-O 10. Be2 c5 11. Bf3 Rb8 12. O-O Rxb2 13. Nb3 a5 14. Qc1 Rxb3 15.
axb3 Bb7 16. Qc2 Qa8 17. e5 Nd5 18. Bxd5 Bxd5 19. b4 cxb4 20. cxb4 dxe5 21.
Rxa5 Qb7 22. Bc5 exf4 23. Rxf4 Rc8 24. Qe2 e5 25. Ra7 Qxa7 26. Bxa7 exf4 27.
Qd2 Be6 28. Qxf4 Rc4 29. Qd2 Bc3 30. Qd8+ Kg7 31. Bc5 Bxb4 32. Bd4+ 1-0